• 首页
  • 本馆介绍
  • 公告通知
  • 最新文献
  • 馆藏检索
  • 电子资源
  • 读者导购
  • 参考咨询
  • 我的图书馆
  • 登录
  • 详细信息显示
  • 放入我的书架
  • 预约/预借图书
  • 作者相关作品
  • 分类相关作品
  • 丛书相关作品
  • 出版社相关作品

书目信息

  • 表格格式
  • 工作单格式
  • 卡片格式
题名:
团体运动理论与实务
    
 
作者: 胡学荣 著
分册:  
出版信息: 长春   吉林大学出版社  2022.01
页数: 192页
开本: 24cm
丛书名:
单 册:
中图分类: G837.2
科图分类:
主题词: 团体操--运动训练--研究
电子资源:
ISBN: 978-7-5692-8530-7
000 00817nam0 2200229 450
001 012001000764
005 20140201080424.0
010    @a978-7-5692-8530-7@dCNY58.00
100    @a20220905d2021 em y0chiy50 ea
101 0  @achi
102    @aCN@b220000
105    @aa z 000yy
106    @ar
200 1  @a团体运动理论与实务@Atuan ti yun dong li lun yu shi wu@f胡学荣著
210    @a长春@c吉林大学出版社@d2022.01
215    @a192页@c图@d24cm
330    @a本书分为团体运动理论和团体运动实务两编,内容包括:团体运动的科学基础,团体运动的课程理论,团体运动的课程创编,团体运动的损伤与预防,团体运动实务之静态类运动,团体运动实务之训练类运动等。
606 0  @a团体操@x运动训练@x研究
690    @aG837.2@v5
701  0 @a胡学荣@Ahu xue rong@4著
801  0 @aCN@bAHXH@c20221111
905    @b1365026-30@dG837.2@e252@f5
    
    团体运动理论与实务/胡学荣著.-长春:吉林大学出版社,2022.01
    192页:图;24cm
    
    
    ISBN 978-7-5692-8530-7:CNY58.00
    本书分为团体运动理论和团体运动实务两编,内容包括:团体运动的科学基础,团体运动的课程理论,团体运动的课程创编,团体运动的损伤与预防,团体运动实务之静态类运动,团体运动实务之训练类运动等。
●
相关链接 在E读中查询图书 在五车中查询图书 在当当中查询图书 在豆瓣中查询图书


正题名:团体运动理论与实务     索取号:G837.2/252         预约/预借

序号 登录号 条形码 馆藏地/架位号 状态 备注
1 1365026   213650262   第一样本阅览室/ [索取号:G837.2/252] 在馆    
2 1365027   213650271   教育系资料室/ [索取号:G837.2/252] 在馆    
3 1365028   213650280   教育系资料室/ [索取号:G837.2/252] 在馆    
4 1365029   213650299   第四借阅区/ [索取号:G837.2/252] 在馆    
5 1365030   213650306   第四借阅区/ [索取号:G837.2/252] 在馆    
唐山师范学院图书馆 欢迎您!
大连网信软件有限公司© 版权所有